书目信息 |
| 题名: |
彩色电视机检修800例
|
|
| 作者: | 李玉密 编著 | |
| 分册: | ||
| 出版信息: | 北京 国防工业出版社 2003.08 |
|
| 页数: | 675页 | |
| 开本: | 26cm | |
| 丛书名: | ||
| 单 册: | ||
| 中图分类: | TN949.12 | |
| 科图分类: | ||
| 主题词: | 电视--各种体制 | |
| 电子资源: | ||
| ISBN: | 7-118-01775-2 | |
| 000 | 00615nam0 2200205 450 | |
| 001 | 0840335515 | |
| 005 | 20080113111404.96 | |
| 010 | @a7-118-01775-2@dCNY58.00 | |
| 100 | @a20080113d2003 km y0chiy0120 ea | |
| 101 | 0 | @achi |
| 102 | @aCN@b110000 | |
| 200 | 1 | @a彩色电视机检修800例@Acai se dian shi ji jian xiu 800 li@f李玉密编著@Fli yu mi bian zhu |
| 210 | @a北京@c国防工业出版社@d2003.08 | |
| 215 | @a675页@d26cm | |
| 606 | 0 | @a电视@x各种体制 |
| 690 | @aTN949.12@v4 | |
| 701 | 0 | @a李玉密@Ali yu mi@4编著 |
| 801 | 0 | @aCN@b大连网信软件有限公司图书馆@c20080113 |
| 905 | @aBZT@dTN949.12@e2 | |
| 906 | @dCNY58.00@n0@r1 | |
| 彩色电视机检修800例/李玉密编著.-北京:国防工业出版社,2003.08 |
| 675页;26cm |
| ISBN 7-118-01775-2:CNY58.00 |
| ● |
| 相关链接 |
|
|
|
正题名:彩色电视机检修800例
索取号:TN949.12/2
 
预约/预借
| 序号 | 登录号 | 条形码 | 馆藏地/架位号 | 状态 | 备注 |
| 1 | 634560 | 2000634560 | 中心书库中库/ 中库028架B面3列1层4/ [索取号:TN949.12/2] | 在馆 | |
| 2 | 634561 | 2000634561 | 中心书库中库/ 中库028架B面3列1层3/ [索取号:TN949.12/2] | 在馆 | |
| 3 | 634562 | 2000634562 | 中心书库中库/ 中库028架B面3列1层5/ [索取号:TN949.12/2] | 在馆 | |
| 4 | 634563 | 2000634563 | 中心书库中库/ 中库028架B面3列1层1/ [索取号:TN949.12/2] | 在馆 | |
| 5 | 634564 | 2000634564 | 中心书库中库/ 中库028架B面3列1层2/ [索取号:TN949.12/2] | 在馆 |